Chemical technicians' ready reference handbook / (Record no. 60699)

000 -LEADER
fixed length control field 01218pam a2200289 a 4500
001 - CONTROL NUMBER
control field 3873490
003 - CONTROL NUMBER IDENTIFIER
control field NUST-PNEC
005 - DATE AND TIME OF LATEST TRANSACTION
control field 20170116180705.0
008 - FIXED-LENGTH DATA ELEMENTS--GENERAL INFORMATION
fixed length control field 891204s1990 nyua f 001 0 eng
010 ## - LIBRARY OF CONGRESS CONTROL NUMBER
LC control number 89043670
020 ## - INTERNATIONAL STANDARD BOOK NUMBER
International Standard Book Number 007057183X
040 ## - CATALOGING SOURCE
Original cataloging agency DLC
Transcribing agency PNEC
Modifying agency DLC
050 00 - LIBRARY OF CONGRESS CALL NUMBER
Classification number QD61
Item number .S58 1990
082 00 - DEWEY DECIMAL CLASSIFICATION NUMBER
Classification number 542 SHU
100 1# - MAIN ENTRY--PERSONAL NAME
Personal name Shugar, Gershon J.,
Dates associated with a name 1918-
245 10 - TITLE STATEMENT
Title Chemical technicians' ready reference handbook /
Statement of responsibility, etc. Gershon J. Shugar, Jack T. Ballinger ; consulting editors, Ronald A. Shugar, Lawrence Bauman, Rose Shugar Bauman.
250 ## - EDITION STATEMENT
Edition statement 3rd ed.
260 ## - PUBLICATION, DISTRIBUTION, ETC.
Place of publication, distribution, etc. New York :
Name of publisher, distributor, etc. McGraw-Hill,
Date of publication, distribution, etc. c1990.
300 ## - PHYSICAL DESCRIPTION
Extent xix, 889 p. :
Other physical details ill. ;
Dimensions 25 cm.
500 ## - GENERAL NOTE
General note Includes index. http://www.amazon.com/Chemical-Technicians-Ready-Reference-Handbook/dp/007057183X/ref=sr_1_1?s=books&ie=UTF8&qid=1411204386&sr=1-1&keywords=007057183x
500 ## - GENERAL NOTE
General note Updated ed. of: Chemical technicians' ready reference handbook / Gershon J. Shugar ... [et al.]. 2nd ed. c1981.
650 #0 - SUBJECT ADDED ENTRY--TOPICAL TERM
Topical term or geographic name entry element Chemistry
General subdivision Manipulation
-- Handbooks, manuals, etc.
700 1# - ADDED ENTRY--PERSONAL NAME
Personal name Ballinger, Jack T.
730 0# - ADDED ENTRY--UNIFORM TITLE
Uniform title Chemical technicians' ready reference handbook.
906 ## - LOCAL DATA ELEMENT F, LDF (RLIN)
a 7
b cbc
c orignew
d 1
e ocip
f 19
g y-gencatlg
942 ## - ADDED ENTRY ELEMENTS (KOHA)
Source of classification or shelving scheme
Koha item type Book
Holdings
Withdrawn status Lost status Source of classification or shelving scheme Damaged status Not for loan Permanent Location Current Location Shelving location Date acquired Source of acquisition Cost, normal purchase price Total Checkouts Full call number Barcode Date last seen Cost, replacement price Price effective from Koha item type
          Pakistan Navy Engineering College (PNEC) Pakistan Navy Engineering College (PNEC) Reference 08/22/1992 Progressive International Agency 2982.00   542 SHU PNECLIB-016524 09/20/2014 2982.00 08/22/1992 Book
© 2023 Central Library, National University of Sciences and Technology. All Rights Reserved.